[Event "CZE-chT1W 2425"]
[Site "Czech Republic"]
[Date "2025.02.16"]
[Round "8.3"]
[White "Vichnar, David"]
[Black "Hollan, Petr"]
[Result "0-1"]
[WhiteElo "2301"]
[BlackElo "2246"]
[PlyCount "178"]
[EventDate "2024.10.20"]
[EventType "team-tourn"]
[EventRounds "11"]
[EventCountry "CZE"]
[SourceTitle "CB16_2025"]
[SourceDate "2025.04.16"]
[SourceVersion "1"]
[SourceVersionDate "2025.04.16"]
[SourceQuality "1"]
[WhiteTeam "Vysehrad"]
[BlackTeam "Litomerice Slavoj"]
[WhiteTeamCountry "CZE"]
[BlackTeamCountry "CZE"]

1. d4 d5 2. c4 e6 3. Nf3 Nf6 4. g3 Be7 5. Bg2 0-0 6. 0-0 dxc4 7. Ne5 c5 8. dxc5 Qc7 9. Nxc4 Qxc5 10. b3 Rd8 11. Nbd2 Qc7 12. Bb2 Nc6 13. Rc1 Bd7 14. a3 Rac8 15. b4 b5 16. Ne5 Qb6 17. Nd3 a5 18. Qb3 axb4 19. Nxb4 Nxb4 20. axb4 Bc6 21. Nf3 Bd5 22. Qa3 Ra8 23. Bd4 Qd6 24. Qc3 Qxb4 25. Bxf6 gxf6 26. Qxb4 Bxb4 27. Rb1 Ba3 28. Rxb5 Bc4 29. Rbb1 Bxe2 30. Rfe1 Bd3 31. Ra1 Bb4 32. Rec1 Rxa1 33. Rxa1 Be2 34. Nh4 Kg7 35. Bf3 Rd2 36. Bxe2 Rxe2 37. Rc1 Rb2 38. Ng2 Ba5 39. Ne3 Bd2 40. Rc2 Rb1+ 41. Nf1 Ba5 42. Kg2 Bb6 43. Nd2 Rb4 44. Nc4 Bc7 45. h3 f5 46. Ne3 Rb7 47. Kf3 Bb8 48. Rc3 Rb2 49. Nc4 Rb1 50. Ne3 Ba7 51. Rc7 Bb8 52. Rd7 Rb3 53. Ke2 f4 54. gxf4 Bxf4 55. Kf3 Bg5 56. Ke2 Kg6 57. Nc4 f6 58. Rd6 Kf5 59. Rd3 Rb4 60. Nd6+ Kg6 61. Kf3 Bh4 62. Ne4 f5 63. Nc5 e5 64. Rd6+ Kf7 65. Kg2 Be7 66. Rd7 e4 67. Rd5 Rb5 68. Rxf5+ Kg6 69. Re5 Bxc5 70. Rxe4 Rb2 71. Rf4 Rd2 72. Rf3 Bd4 73. Kg3 Be5+ 74. Kg2 h5 75. Kf1 Kg5 76. Kg2 Bf4 77. Kf1 Kf5 78. Kg2 Rd8 79. Rb3 Rg8+ 80. Kf3 Be5 81. Rb5 Rg1 82. Ra5 Rh1 83. Rb5 Rxh3+ 84. Kg2 Rh4 85. Ra5 Rb4 86. Ra2 Rb3 87. Rc2 h4 88. f3 Rb1 89. Ra2 h3+ 0-1

[Event "CZE-chT1W 2425"]
[Site "Czech Republic"]
[Date "2024.11.10"]
[Round "2.1"]
[White "Finek, Vaclav"]
[Black "Hollan, Petr"]
[Result "1-0"]
[WhiteElo "2477"]
[BlackElo "2246"]
[PlyCount "99"]
[EventDate "2024.10.20"]
[EventType "team-tourn"]
[EventRounds "11"]
[EventCountry "CZE"]
[SourceTitle "CB16_2025"]
[SourceDate "2025.04.16"]
[SourceVersion "1"]
[SourceVersionDate "2025.04.16"]
[SourceQuality "1"]
[WhiteTeam "Turnov Zikuda II"]
[BlackTeam "Litomerice Slavoj"]
[WhiteTeamCountry "CZE"]
[BlackTeamCountry "CZE"]

1. d4 d5 2. c4 e6 3. Nf3 Nf6 4. g3 c5 5. cxd5 exd5 6. Bg2 Nc6 7. 0-0 Be7 8. Nc3 0-0 9. Bg5 c4 10. Ne5 Be6 11. Nxc6 bxc6 12. b3 Qa5 13. Na4 cxb3 14. axb3 Qb4 15. e3 Rab8 16. Bxf6 gxf6 17. Rb1 Bf5 18. Rc1 Rfc8 19. Qf3 Be6 20. Nc5 Bxc5 21. Rxc5 Kg7 22. Ra1 Qxb3 23. Bf1 Qb2 24. Qd1 Bf5 25. h4 Rc7 26. Rac1 Qb7 27. Qf3 Be6 28. Qf4 Qc8 29. Bg2 Rbb7 30. e4 dxe4 31. Bxe4 Qd8 32. d5 cxd5 33. Rxc7 Rxc7 34. Qxc7 Qxc7 35. Rxc7 dxe4 36. Rxa7 Bc4 37. Ra4 Bd3 38. g4 Kg6 39. Kg2 h5 40. gxh5+ Kxh5 41. Kg3 Kg6 42. Ra5 Be2 43. Kf4 Bf3 44. Ra6 Bg2 45. Ra1 Bf3 46. Rg1+ Kh7 47. Kf5 Kh6 48. Rg8 Kh7 49. Rb8 Kg7 50. Rb6 1-0

[Event "Darlington Northumbria IM"]
[Site "Darlington"]
[Date "2024.08.25"]
[Round "8"]
[White "Hollan, Petr"]
[Black "Urh, Zala"]
[Result "1-0"]
[WhiteElo "2249"]
[BlackElo "2256"]
[PlyCount "91"]
[EventDate "2024.08.22"]
[EventType "tourn"]
[EventRounds "9"]
[EventCountry "ENG"]
[SourceTitle "CBM 221 Extra"]
[Source "ChessBase"]
[SourceDate "2024.09.30"]
[SourceVersion "1"]
[SourceVersionDate "2024.09.30"]
[SourceQuality "1"]

1. Nf3 Nf6 2. e3 g6 3. b3 Bg7 4. Bb2 d5 5. c4 dxc4 6. Bxc4 c5 7. 0-0 0-0 8. h3 a6 9. d4 cxd4 10. Nxd4 Nbd7 11. Nc3 e5 12. Nc2 b5 13. Be2 Bb7 14. a4 bxa4 15. Rxa4 Nc5 16. Rb4 Qc7 17. Rc4 Rfd8 18. Qb1 Qb6 19. Na4 Nxa4 20. bxa4 Bd5 21. Rb4 Qe6 22. a5 Ba2 23. Qa1 Nd7 24. e4 Bf8 25. Bg4 Qc6 26. Qxa2 Qxc2 27. Rc4 Qd2 28. Rd1 Qg5 29. Rxd7 Rxd7 30. Bxd7 Qd2 31. Bg4 Qe1+ 32. Kh2 Qxf2 33. Qa1 Rd8 34. Bxe5 h5 35. Bg3 Qe3 36. Bf3 h4 37. Bc7 Rd2 38. Qf1 Rf2 39. Qd1 Rd2 40. Qc1 Bh6 41. Rc2 Rxc2 42. Qxc2 Qe1 43. Qd1 Qc3 44. Qd8+ Kh7 45. Qe7 Qc4 46. Be5 1-0

[Event "Darlington Northumbria IM"]
[Site "Darlington"]
[Date "2024.08.23"]
[Round "4"]
[White "Hollan, Petr"]
[Black "Shearsby, Jude"]
[Result "1-0"]
[WhiteElo "2249"]
[BlackElo "2164"]
[PlyCount "99"]
[EventDate "2024.08.22"]
[EventType "tourn"]
[EventRounds "9"]
[EventCountry "ENG"]
[SourceTitle "CBM 221 Extra"]
[Source "ChessBase"]
[SourceDate "2024.09.30"]
[SourceVersion "1"]
[SourceVersionDate "2024.09.30"]
[SourceQuality "1"]

1. e4 c5 2. Nf3 e6 3. g3 g6 4. d4 Bg7 5. dxc5 Qa5+ 6. c3 Qxc5 7. Be3 Qc6 8. Bg2 Ne7 9. Nd4 Qa6 10. Bf1 Qa5 11. Nb5 0-0 12. Nd6 Nbc6 13. Be2 f5 14. exf5 Nxf5 15. Nxf5 Qxf5 16. 0-0 b6 17. Nd2 d5 18. Nf3 Bb7 19. Nd4 Qf7 20. f4 Ne7 21. Bg4 Bxd4 22. Bxd4 Nf5 23. Qe2 Rfe8 24. Rfe1 h5 25. Bh3 Kh7 26. a4 Bc6 27. Qe5 Bd7 28. a5 b5 29. a6 Nxd4 30. cxd4 Qg7 31. Qe3 Rac8 32. Qd3 Rc4 33. Re5 Kg8 34. b3 Rc6 35. Rb1 Kf7 36. Rxd5 exd5 37. Bxd7 Rb6 38. Bxe8+ Kxe8 39. Re1+ Kf8 40. Qe3 Qd7 41. Qe5 Kg8 42. Rc1 Rd6 43. f5 gxf5 44. Rf1 Rxa6 45. Rxf5 Ra1+ 46. Kg2 Ra2+ 47. Kf3 Ra6 48. Rg5+ Kf8 49. Qh8+ Ke7 50. Rg7+ 1-0

[Event "Darlington Northumbria IM"]
[Site "Darlington"]
[Date "2024.08.22"]
[Round "2"]
[White "Burnett, Andrew"]
[Black "Hollan, Petr"]
[Result "1-0"]
[WhiteElo "2193"]
[BlackElo "2249"]
[PlyCount "57"]
[EventDate "2024.08.22"]
[EventType "tourn"]
[EventRounds "9"]
[EventCountry "ENG"]
[SourceTitle "CBM 221 Extra"]
[Source "ChessBase"]
[SourceDate "2024.09.30"]
[SourceVersion "1"]
[SourceVersionDate "2024.09.30"]
[SourceQuality "1"]

1. Nf3 d5 2. d4 e6 3. c4 a6 4. cxd5 exd5 5. Nc3 c6 6. Bf4 Bd6 7. Bxd6 Qxd6 8. e4 dxe4 9. Nxe4 Qd8 10. Bc4 Nh6 11. h3 0-0 12. 0-0 Nd7 13. Re1 Nf6 14. Bb3 Kh8 15. Qd2 Nd5 16. Rad1 f6 17. Nc3 Nf5 18. Nxd5 cxd5 19. g4 Ne7 20. Qb4 Ng6 21. Re3 a5 22. Qd2 f5 23. Ne5 fxg4 24. Nxg6+ hxg6 25. hxg4 Bxg4 26. Rde1 Qg5 27. Rh3+ Bxh3+ 28. Qxg5 Rf5 29. Qxg6 1-0

[Event "Piestany Slovakia op-A"]
[Site "Piestany"]
[Date "2024.07.14"]
[Round "6"]
[White "Hollan, Martin"]
[Black "Hollan, Petr"]
[Result "1-0"]
[WhiteElo "2373"]
[BlackElo "2239"]
[PlyCount "99"]
[EventDate "2024.07.09"]
[EventType "swiss"]
[EventRounds "9"]
[EventCountry "SVK"]
[SourceTitle "EXT 2025"]
[Source "ChessBase"]
[SourceDate "2024.10.14"]
[SourceVersion "1"]
[SourceVersionDate "2024.10.14"]
[SourceQuality "1"]

1. e4 c5 2. Nf3 e6 3. d4 cxd4 4. Nxd4 Nf6 5. Nc3 Nc6 6. g3 d5 7. exd5 Nxd5 8. Bg2 Nxc3 9. bxc3 Nxd4 10. Qxd4 Qxd4 11. cxd4 Bb4+ 12. Bd2 Bxd2+ 13. Kxd2 0-0 14. c4 Rd8 15. Ke3 e5 16. dxe5 Be6 17. Bxb7 Rab8 18. Ba6 Rb6 19. Rhd1 Rdb8 20. Rd6 Rxd6 21. exd6 Rb6 22. Bb5 Rxd6 23. Rc1 Kf8 24. a4 Ke7 25. c5 Rd5 26. f4 g5 27. fxg5 Rxg5 28. Bd3 Kd8 29. Be4 Kc7 30. a5 h5 31. Rc2 h4 32. gxh4 Rh5 33. Kd4 Rxh4 34. Ke5 Rh5+ 35. Kf6 Rh4 36. Re2 Rh5 37. Rb2 Rxc5 38. Rb7+ Kc8 39. Rxa7 Rc2 40. a6 Rxh2 41. Re7 Kd8 42. a7 Rf2+ 43. Kg7 Kxe7 44. a8Q Rd2 45. Qa3+ Rd6 46. Qc5 Bd7 47. Bd5 Be6 48. Be4 Bd7 49. Qg5+ Ke8 50. Qe5+ 1-0

[Event "Piestany Slovakia op-A"]
[Site "Piestany"]
[Date "2024.07.09"]
[Round "1"]
[White "Baum, Jonasz"]
[Black "Hollan, Petr"]
[Result "1-0"]
[WhiteElo "2425"]
[BlackElo "2239"]
[PlyCount "80"]
[EventDate "2024.07.09"]
[EventType "swiss"]
[EventRounds "9"]
[EventCountry "SVK"]
[SourceTitle "EXT 2025"]
[Source "ChessBase"]
[SourceDate "2024.10.14"]
[SourceVersion "1"]
[SourceVersionDate "2024.10.14"]
[SourceQuality "1"]

1. d4 d5 2. c4 e6 3. Nf3 a6 4. Bg5 Be7 5. Bxe7 Qxe7 6. Nbd2 Nf6 7. g3 0-0 8. Bg2 Rd8 9. Rc1 c6 10. 0-0 Nbd7 11. Qc2 e5 12. cxd5 cxd5 13. dxe5 Nxe5 14. Nxe5 Qxe5 15. Qc7 Qxc7 16. Rxc7 Ne8 17. Rc5 Be6 18. Nb3 Rac8 19. Rfc1 Rxc5 20. Rxc5 b6 21. Rc3 d4 22. Rd3 Bc4 23. Rd2 Rd6 24. Nc1 Kf8 25. Kf1 b5 26. Ke1 a5 27. b3 Be6 28. Nd3 a4 29. bxa4 bxa4 30. Nc5 Nc7 31. Nxa4 Nb5 32. Nc5 Nc3 33. a4 Bc4 34. a5 Ke7 35. Bb7 Nb5 36. Rc2 Bd5 37. Rb2 Bxb7 38. Rxb5 Bc8 39. Rb6 g5 40. Rxd6 Kxd6 1-0

[Event "Teplice op 17th"]
[Site "Teplice"]
[Date "2024.06.18"]
[Round "4"]
[White "Akbas, Umut Ata"]
[Black "Hollan, Petr"]
[Result "1-0"]
[WhiteElo "2437"]
[BlackElo "2236"]
[PlyCount "75"]
[EventDate "2024.06.15"]
[EventType "swiss"]
[EventRounds "9"]
[EventCountry "CZE"]
[SourceTitle "CBM 220 Extra"]
[Source "ChessBase"]
[SourceDate "2024.07.31"]
[SourceVersion "1"]
[SourceVersionDate "2024.07.31"]
[SourceQuality "1"]

1. d4 d5 2. c4 e6 3. Nc3 a6 4. cxd5 exd5 5. Qc2 Nf6 6. Bg5 Be7 7. e3 c6 8. Bd3 Nbd7 9. Nge2 Nf8 10. 0-0 Ng6 11. f3 Ng8 12. Bxe7 N8xe7 13. e4 0-0 14. e5 c5 15. dxc5 Qc7 16. b4 Qxe5 17. f4 Qf6 18. Kh1 Rd8 19. Ng3 Bg4 20. Rae1 Nc6 21. a3 Nd4 22. Qd2 a5 23. Bb1 axb4 24. axb4 Ra3 25. f5 Nf8 26. Rf4 Nc6 27. Nb5 Rxg3 28. hxg3 h5 29. Nd6 d4 30. Ba2 Rd7 31. b5 Nd8 32. Rxd4 Kh7 33. Re8 b6 34. Rxf8 bxc5 35. Ne4 Qxd4 36. Ng5+ Kh6 37. Nxf7+ Kh7 38. Rh8# 1-0

[Event "Titled Tuesday intern op 21st May Late"]
[Site "Chess.com INT"]
[Date "2024.05.21"]
[Round "7"]
[White "Goryachkina, Aleksandra"]
[Black "Hollan, Petr"]
[Result "1-0"]
[WhiteElo "2545"]
[BlackElo "2236"]
[PlyCount "89"]
[EventDate "2024.05.21"]
[EventType "swiss (blitz)"]
[EventRounds "11"]
[EventCountry "USA"]
[SourceTitle "CBM 220 Extra"]
[Source "ChessBase"]
[SourceDate "2024.07.31"]
[SourceVersion "1"]
[SourceVersionDate "2024.07.31"]
[SourceQuality "1"]

1. e4 e5 2. Nf3 Nc6 3. Bc4 Bc5 4. c3 Nf6 5. d3 d6 6. 0-0 h6 7. Nbd2 0-0 8. a4 a6 9. h3 Ne7 10. d4 exd4 11. cxd4 Ba7 12. Bb3 Ng6 13. Re1 Re8 14. Bc2 Nd7 15. Nf1 c5 16. Be3 cxd4 17. Bxd4 Bb8 18. Ra3 Nde5 19. Rae3 Qe7 20. Ng3 Nxf3+ 21. Qxf3 Ne5 22. Qe2 Qh4 23. Bc3 Ba7 24. Bxe5 Bxe3 25. Bxd6 Ba7 26. Qf3 Be6 27. e5 Rac8 28. Be4 b5 29. a5 Qg5 30. Kh2 Rc1 31. Re2 Bc4 32. Bd5 Qg6 33. Bxc4 Rxc4 34. Qb7 Bd4 35. Qxa6 Bc5 36. Qxb5 Bxd6 37. Qxc4 Bxe5 38. a6 Qd6 39. f4 Bxf4 40. Rxe8+ Kh7 41. Qe4+ g6 42. Qf3 Kg7 43. Re4 Be5 44. Rxe5 Qxe5 45. a7 1-0

[Event "Titled Tuesday intern op 21st May Late"]
[Site "Chess.com INT"]
[Date "2024.05.21"]
[Round "9"]
[White "Hollan, Petr"]
[Black "Altini, Nicola"]
[Result "1/2-1/2"]
[WhiteElo "2236"]
[BlackElo "2370"]
[PlyCount "163"]
[EventDate "2024.05.21"]
[EventType "swiss (blitz)"]
[EventRounds "11"]
[EventCountry "USA"]
[SourceTitle "CBM 220 Extra"]
[Source "ChessBase"]
[SourceDate "2024.07.31"]
[SourceVersion "1"]
[SourceVersionDate "2024.07.31"]
[SourceQuality "1"]

1. Nf3 d5 2. d4 Nf6 3. c4 e6 4. g3 Bb4+ 5. Bd2 Be7 6. Bg2 0-0 7. Qc2 c6 8. 0-0 Nbd7 9. b3 a5 10. Nc3 b6 11. e4 Ba6 12. e5 Ne8 13. Rfc1 dxc4 14. Ne4 cxb3 15. axb3 Rc8 16. b4 c5 17. dxc5 bxc5 18. bxc5 Nxc5 19. Nxc5 Rxc5 20. Qa2 Bb7 21. Bxa5 Qa8 22. Rxc5 Bxc5 23. Ne1 Bxg2 24. Nxg2 Qf3 25. Qd2 f6 26. Nh4 Qg4 27. Rc1 Bd4 28. Bc3 fxe5 29. Bxd4 exd4 30. f3 Qh5 31. Qxd4 Nf6 32. Qc5 Nd5 33. Qd6 Qh6 34. Re1 Nf4 35. gxf4 Qxh4 36. Qxe6+ Kh8 37. Qe5 h6 38. Re4 Ra8 39. Re2 Rf8 40. Re4 Rc8 41. Re2 Rf8 42. Rg2 Rf6 43. Qe8+ Kh7 44. Qe4+ Kh8 45. Rc2 Rf8 46. f5 Qf6 47. Kg2 Qxf5 48. Qxf5 Rxf5 49. Re2 Kh7 50. h3 Kg6 51. Re4 Kf6 52. Rd4 Ra5 53. Kg3 h5 54. h4 Kf5 55. Rc4 g6 56. Rf4+ Ke5 57. Rf8 Ra6 58. Kf2 Rf6 59. Re8+ Kf4 60. Re4+ Kf5 61. Kg3 Ra6 62. Rf4+ Ke6 63. Re4+ Kf5 64. Rf4+ Ke6 65. Rf8 Ra5 66. Kf4 Rb5 67. Rc8 Kf6 68. Rc7 Rb4+ 69. Kg3 Rb6 70. Rc5 Re6 71. Rd5 Rc6 72. Rb5 Ra6 73. Rc5 Rd6 74. Ra5 Rb6 75. Rc5 Ra6 76. Rb5 Rc6 77. Rd5 Re6 78. Ra5 Re1 79. Ra6+ Re6 80. Ra5 Re5 81. Ra6+ Re6 82. Ra5 1/2-1/2

[Event "Titled Tuesday intern op 21st May Late"]
[Site "Chess.com INT"]
[Date "2024.05.21"]
[Round "1"]
[White "Hollan, Petr"]
[Black "Hommadov, Amanmuhammet"]
[Result "0-1"]
[WhiteElo "2236"]
[BlackElo "2219"]
[PlyCount "46"]
[EventDate "2024.05.21"]
[EventType "swiss (blitz)"]
[EventRounds "11"]
[EventCountry "USA"]
[SourceTitle "CBM 220 Extra"]
[Source "ChessBase"]
[SourceDate "2024.07.31"]
[SourceVersion "1"]
[SourceVersionDate "2024.07.31"]
[SourceQuality "1"]

1. e4 c5 2. Nf3 Nc6 3. d4 cxd4 4. Nxd4 g6 5. Nc3 Bg7 6. Be3 Nf6 7. Bc4 0-0 8. Bb3 d5 9. Bxd5 Ng4 10. Nxc6 bxc6 11. Bxc6 Nxe3 12. Qxd8 Rxd8 13. fxe3 Rb8 14. Nd1 Bxb2 15. Rb1 Be5 16. Rxb8 Bxb8 17. Bb5 Be5 18. Bd3 Bg4 19. Nf2 Bc3+ 20. Kf1 Rb8 21. Nxg4 Rb1+ 22. Kf2 Rxh1 23. Bf1 h5 0-1

[Event "Titled Tuesday intern op 21st May Late"]
[Site "Chess.com INT"]
[Date "2024.05.21"]
[Round "10"]
[White "Shapiro, Viktor"]
[Black "Hollan, Petr"]
[Result "1/2-1/2"]
[WhiteElo "2112"]
[BlackElo "2236"]
[PlyCount "299"]
[EventDate "2024.05.21"]
[EventType "swiss (blitz)"]
[EventRounds "11"]
[EventCountry "USA"]
[SourceTitle "CBM 220 Extra"]
[Source "ChessBase"]
[SourceDate "2024.07.31"]
[SourceVersion "1"]
[SourceVersionDate "2024.07.31"]
[SourceQuality "1"]

1. c4 e6 2. Nc3 d5 3. d4 a6 4. a4 Nf6 5. Nf3 Bb4 6. e3 c5 7. dxc5 Bxc5 8. cxd5 exd5 9. Be2 0-0 10. 0-0 Nc6 11. b3 d4 12. exd4 Nxd4 13. Nxd4 Bxd4 14. Bb2 Be6 15. Bf3 Rc8 16. Rc1 Qb6 17. a5 Qxb3 18. Qxb3 Bxb3 19. Bxb7 Rb8 20. Bxa6 Ra8 21. Be2 Rxa5 22. Rfd1 Be5 23. Re1 Rb8 24. Bf3 Be6 25. Ra1 Rxa1 26. Bxa1 Nd7 27. Nd5 Bxa1 28. Rxa1 h6 29. Nf4 Ne5 30. Be2 Bc4 31. Bxc4 Nxc4 32. Rc1 Nd2 33. h4 g6 34. g3 Rb2 35. Nd3 Ra2 36. Rc8+ Kg7 37. Rc7 Ne4 38. Re7 Nd6 39. Rd7 Nc4 40. Rc7 Nd6 41. Ne5 Re2 42. f4 g5 43. hxg5 hxg5 44. Rd7 gxf4 45. gxf4 Nb5 46. Rxf7+ Kg8 47. Rf5 Nd4 48. Rg5+ Kf8 49. Kf1 Re4 50. Rg4 Ne6 51. Nd3 Re3 52. Nf2 Rf3 53. Kg2 Rxf4 54. Rg3 Rf7 55. Nh3 Ke7 56. Re3 Kd6 57. Nf2 Nf4+ 58. Kg3 Nd5 59. Rd3 Ke6 60. Ng4 Rg7 61. Kh4 Ne7 62. Re3+ Kd7 63. Re5 Nc6 64. Rd5+ Kc7 65. Rc5 Kb6 66. Rf5 Nd4 67. Rf6+ Kb5 68. Ne5 Re7 69. Ng4 Re4 70. Kg3 Re8 71. Rf7 Nc6 72. Kf4 Kc4 73. Rc7 Kd5 74. Rd7+ Kc5 75. Rd1 Nd4 76. Rc1+ Kb4 77. Rb1+ Kc3 78. Rd1 Rf8+ 79. Kg3 Ne2+ 80. Kh4 Nd4 81. Rc1+ Kd2 82. Rc7 Nf3+ 83. Kg3 Nd4 84. Rd7 Kc3 85. Rc7+ Kd3 86. Rd7 Ke4 87. Re7+ Kd3 88. Rd7 Kc3 89. Rc7+ Kb4 90. Rd7 Kc5 91. Rc7+ Kd6 92. Rh7 Nf5+ 93. Kg2 Nd4 94. Rh5 Rg8 95. Kh3 Ne6 96. Rh6 Kd5 97. Kh4 Rf8 98. Rf6 Rh8+ 99. Kg3 Nc5 100. Rf5+ Kc6 101. Rf2 Ne4+ 102. Kf3 Nxf2 103. Nxf2 Kd5 104. Ke3 Rf8 105. Nd3 Rh8 106. Nf4+ Ke5 107. Nd3+ Kf5 108. Nc5 Rh3+ 109. Kd4 Rh5 110. Nd3 Rh4+ 111. Kd5 Rg4 112. Nc5 Rg5 113. Kd6 Rg1 114. Kd5 Rd1+ 115. Kc4 Ke5 116. Nd3+ Kd6 117. Nb4 Rh1 118. Nd3 Rh4+ 119. Kc3 Kd5 120. Nb4+ Ke4 121. Nc2 Rh3+ 122. Kc4 Rh8 123. Nb4 Rc8+ 124. Kb5 Kd4 125. Nc6+ Kc3 126. Kc5 Kb3 127. Kd5 Ka4 128. Nd4 Kb4 129. Ke4 Kc4 130. Nf5 Kc5 131. Ke5 Re8+ 132. Kf4 Kd5 133. Ne3+ Kd4 134. Nf5+ Kd3 135. Nd6 Re6 136. Nf5 Kc4 137. Ne3+ Kc5 138. Nf5 Kd5 139. Ne3+ Kd6 140. Nf5+ Kd7 141. Nd4 Re1 142. Nf3 Re8 143. Ne5+ Ke6 144. Nf3 Kf6 145. Nd4 Ra8 146. Ke4 Ra4 147. Kd5 Ra5+ 148. Kc4 Ke5 149. Nc6+ Kd6 150. Nxa5 1/2-1/2

[Event "Titled Tuesday intern op 30th Apr Late"]
[Site "Chess.com INT"]
[Date "2024.04.30"]
[Round "1"]
[White "Bacrot, Etienne"]
[Black "Hollan, Petr"]
[Result "1-0"]
[WhiteElo "2686"]
[BlackElo "2270"]
[PlyCount "161"]
[EventDate "2024.04.30"]
[EventType "swiss (blitz)"]
[EventRounds "11"]
[EventCountry "USA"]
[SourceTitle "EXT 2025"]
[Source "ChessBase"]
[SourceDate "2024.10.14"]
[SourceVersion "1"]
[SourceVersionDate "2024.10.14"]
[SourceQuality "1"]

1. e4 c5 2. Nf3 Nc6 3. c3 Nf6 4. e5 Nd5 5. Bc4 e6 6. 0-0 d6 7. exd6 Bxd6 8. Re1 0-0 9. d4 cxd4 10. Nxd4 Nxd4 11. Qxd4 Nf6 12. Bg5 Be7 13. Be3 Qxd4 14. Bxd4 b6 15. a4 Bd7 16. Nd2 Bc6 17. Bb5 Rfc8 18. Ba6 Rd8 19. Nc4 Nd7 20. Bb5 Rdc8 21. Ba6 Rd8 22. Bb5 Rdc8 23. Ne5 Nxe5 24. Bxe5 Bxb5 25. axb5 Rc5 26. b4 Rxb5 27. Ra6 Bf6 28. Bxf6 gxf6 29. Rea1 Rc8 30. R6a3 Rd5 31. Kf1 Rd3 32. Rc1 Rc7 33. Ke2 Rd5 34. Rc2 Kg7 35. Ra6 Re5+ 36. Kf1 Rb5 37. Ra4 a5 38. bxa5 bxa5 39. g3 f5 40. Ke2 Rbc5 41. c4 Kf6 42. Kd3 Re5 43. Rca2 Rec5 44. Rb2 Rd7+ 45. Kc3 Rdc7 46. Kd3 Rd7+ 47. Kc3 Rdc7 48. Kd4 e5+ 49. Kd3 Rd7+ 50. Kc3 e4 51. Rb5 Rdc7 52. Rxc5 Rxc5 53. Kd4 Re5 54. Ra3 Ke6 55. Rb3 Kd6 56. Rb6+ Kc7 57. Ra6 Re6 58. Rxa5 Rh6 59. Rxf5 Rxh2 60. Rxf7+ Kc6 61. Rf6+ Kc7 62. Kxe4 h5 63. Ke3 h4 64. gxh4 Rxh4 65. f4 Rh1 66. Kd4 Rd1+ 67. Kc5 Ra1 68. Rf7+ Kc8 69. Kd5 Rd1+ 70. Kc6 Kd8 71. c5 Ra1 72. Rf5 Ra6+ 73. Kb7 Ra1 74. Rd5+ Ke7 75. Kc7 Ra7+ 76. Kb8 Ra1 77. c6 Rb1+ 78. Kc8 Ke6 79. Rd2 Rh1 80. c7 Rb1 81. Kd8 1-0

[Event "Titled Tuesday intern op 30th Apr Late"]
[Site "Chess.com INT"]
[Date "2024.04.30"]
[Round "10"]
[White "Hollan, Petr"]
[Black "Mendes, Aaron Reeve"]
[Result "0-1"]
[WhiteElo "2270"]
[BlackElo "2288"]
[PlyCount "72"]
[EventDate "2024.04.30"]
[EventType "swiss (blitz)"]
[EventRounds "11"]
[EventCountry "USA"]
[SourceTitle "EXT 2025"]
[Source "ChessBase"]
[SourceDate "2024.10.14"]
[SourceVersion "1"]
[SourceVersionDate "2024.10.14"]
[SourceQuality "1"]

1. e4 c5 2. Nf3 Nc6 3. d4 cxd4 4. Nxd4 Nf6 5. Nc3 a6 6. Nxc6 dxc6 7. Qxd8+ Kxd8 8. f3 b5 9. Be3 Nd7 10. 0-0-0 Bb7 11. g3 e6 12. Rd2 Kc7 13. Bh3 Bb4 14. Rhd1 Rad8 15. Bf4+ Kc8 16. Bd6 Bxc3 17. bxc3 Nb6 18. Bc5 Nc4 19. Rd4 Kc7 20. Bf1 Rxd4 21. Bxd4 e5 22. Bxc4 exd4 23. Bxf7 Rf8 24. Be6 dxc3 25. Rd3 b4 26. f4 c5 27. e5 Bc6 28. Rd6 g6 29. Bc4 g5 30. Rf6 Re8 31. Rf7+ Kb6 32. Rxh7 gxf4 33. gxf4 Rf8 34. Bf7 Bf3 35. e6 Rd8 36. Bh5 Rd1# 0-1

[Event "Titled Tuesday intern op 30th Apr Late"]
[Site "Chess.com INT"]
[Date "2024.04.30"]
[Round "7"]
[White "Koval, Artem"]
[Black "Hollan, Petr"]
[Result "1-0"]
[WhiteElo "2193"]
[BlackElo "2270"]
[PlyCount "87"]
[EventDate "2024.04.30"]
[EventType "swiss (blitz)"]
[EventRounds "11"]
[EventCountry "USA"]
[SourceTitle "EXT 2025"]
[Source "ChessBase"]
[SourceDate "2024.10.14"]
[SourceVersion "1"]
[SourceVersionDate "2024.10.14"]
[SourceQuality "1"]

1. e4 c5 2. d4 cxd4 3. c3 dxc3 4. Nxc3 e6 5. Nf3 Nc6 6. Bc4 a6 7. 0-0 d6 8. Qe2 e5 9. Rd1 Be7 10. Nd5 Nf6 11. Nxe7 Qxe7 12. Bg5 h6 13. Bxf6 Qxf6 14. Qd2 Bg4 15. Qxd6 Qxd6 16. Rxd6 Bxf3 17. gxf3 Nd4 18. Kg2 0-0 19. f4 Rac8 20. Bd5 Nb5 21. Rd7 exf4 22. Bxb7 Rc2 23. Bxa6 Rxb2 24. a4 Nc3 25. Bb7 Rb8 26. Bd5 Nxd5 27. exd5 Rd2 28. a5 Rbb2 29. Kf3 Rxf2+ 30. Ke4 Ra2 31. Rxa2 Rxa2 32. Ra7 Kf8 33. d6 Ke8 34. Kxf4 Rxh2 35. a6 Ra2 36. Re7+ Kd8 37. a7 Kc8 38. Rxf7 g5+ 39. Kg4 Ra4+ 40. Kh5 g4 41. a8Q+ Rxa8 42. Rf8+ Kd7 43. Rxa8 Kxd6 44. Kxg4 1-0

[Event "Titled Tuesday intern op 30th Apr Late"]
[Site "Chess.com INT"]
[Date "2024.04.30"]
[Round "8"]
[White "Nunez Hirales, Juan Alejandro"]
[Black "Hollan, Petr"]
[Result "0-1"]
[WhiteElo "1955"]
[BlackElo "2270"]
[PlyCount "66"]
[EventDate "2024.04.30"]
[EventType "swiss (blitz)"]
[EventRounds "11"]
[EventCountry "USA"]
[SourceTitle "EXT 2025"]
[Source "ChessBase"]
[SourceDate "2024.10.14"]
[SourceVersion "1"]
[SourceVersionDate "2024.10.14"]
[SourceQuality "1"]

1. d4 d5 2. Nc3 Nf6 3. Bf4 e6 4. Nb5 Na6 5. e3 c6 6. Nc3 c5 7. Nb5 Bd7 8. a4 c4 9. c3 Be7 10. b3 cxb3 11. Qxb3 0-0 12. h3 Ne4 13. Bd3 Rc8 14. Ne2 Qa5 15. Bxe4 Bxb5 16. Bxh7+ Kh8 17. Bc2 Bxe2 18. Kxe2 Rxc3 19. Qb2 Rfc8 20. Rhc1 Nb4 21. Bd1 Qa6+ 22. Kf3 Qd3 23. Be2 Qe4+ 24. Kg3 Rc2 25. Qa3 g5 26. Be5+ f6 27. Bxf6+ Bxf6 28. Qxb4 Be5+ 29. f4 Bxf4+ 30. Kg4 Bxe3+ 31. Kh5 Qh7+ 32. Kg4 Qh4+ 33. Kf3 Qf4# 0-1

[Event "CZE-chT1W 2324"]
[Site "Czech Republic"]
[Date "2024.01.07"]
[Round "5.6"]
[White "Smid, Miroslav"]
[Black "Hollan, Petr"]
[Result "1/2-1/2"]
[WhiteElo "2213"]
[BlackElo "2265"]
[PlyCount "83"]
[EventDate "2023.10.29"]
[EventType "team-tourn"]
[EventRounds "11"]
[EventCountry "CZE"]
[SourceTitle "EXT 2025"]
[Source "ChessBase"]
[SourceDate "2024.10.14"]
[SourceVersion "1"]
[SourceVersionDate "2024.10.14"]
[SourceQuality "1"]
[WhiteTeam "Praha Bohemians"]
[BlackTeam "Praha Oaza"]
[WhiteTeamCountry "CZE"]
[BlackTeamCountry "CZE"]

1. e4 c5 2. Nf3 Nc6 3. d4 cxd4 4. Nxd4 Nf6 5. Nc3 e5 6. Ndb5 d6 7. Nd5 Nxd5 8. exd5 Nb8 9. a4 a6 10. Na3 Be7 11. Be2 0-0 12. Nc4 a5 13. 0-0 Nd7 14. f4 exf4 15. Bxf4 Nc5 16. Kh1 f5 17. Ra3 b6 18. Be3 Ba6 19. Bxc5 bxc5 20. Ne3 Bc8 21. Bb5 f4 22. Nc4 g5 23. Qd2 Bf5 24. Bc6 Ra7 25. Rb3 g4 26. Qxf4 Bg6 27. Qc1 Bg5 28. Ne3 Rxf1+ 29. Qxf1 Rf7 30. Qd1 c4 31. Rc3 Qf8 32. Kg1 Rf2 33. Nxg4 Rd2 34. Qe1 h5 35. Rf3 Qg7 36. Nf6+ Kh8 37. Qe6 Qa7+ 38. Kf1 Rd1+ 39. Ke2 Rd2+ 40. Kf1 Rd1+ 41. Ke2 Rd2+ 42. Kf1 1/2-1/2